[Event "PRO League Central 2017"]
[Site "chess.com INT"]
[Date "2017.01.25"]
[Round "3"]
[White "Burg, Twan"]
[Black "Zwirs, Nico"]
[Result "0-1"]
[WhiteTitle "GM"]
[WhiteElo "2508"]
[BlackElo "2395"]
[WhiteTeam "Hamburg Swashbucklers"]
[BlackTeam "Apeldoorn Apes"]
[WhiteFideId "1010697"]
[BlackFideId "1036432"]
[EventDate "2017.01.11"]

1. e4 c5 2. Nf3 d6 3. Bb5+ Nc6 4. O-O Bd7 5. Re1 Nf6 6. h3 a6 7. Bf1 e5 8. c3
Be7 9. d4 cxd4 10. cxd4 exd4 11. Nxd4 O-O 12. Nc3 Re8 13. Bf4 Qb6 14. Nb3 Be6
15. Be3 Qb4 16. Bd2 Qb6 17. Na4 Qc7 18. Rc1 b5 19. Nc3 Qb7 20. Bf4 Rad8 21. g4
d5 22. e5 d4 23. Ne2 Nd5 24. Bg2 d3 25. Ng3 Nxf4 26. Bxc6 Qb6 27. Re3 Nxh3+ 28.
Kg2 Bxb3 29. Qxb3 d2 30. Bxe8 dxc1=Q 31. Qxf7+ Kh8 32. Kxh3 Qh6+ 33. Kg2 Qg6 34.
Qxg6 hxg6 35. Bxg6 Kg8 36. e6 Rf8 37. Nf5 Rxf5 38. gxf5 Qxb2 39. Rd3 Kf8 40. Kg3
Bd6+ 41. Kg4 Qe2+ 42. Rf3 Qe4+ 0-1

[Event "PRO League Central 2017"]
[Site "chess.com INT"]
[Date "2017.01.25"]
[Round "3"]
[White "Burg, Twan"]
[Black "Kevlishvili, Robby"]
[Result "0-1"]
[WhiteTitle "GM"]
[BlackTitle "IM"]
[WhiteElo "2508"]
[BlackElo "2417"]
[WhiteTeam "Hamburg Swashbucklers"]
[BlackTeam "Apeldoorn Apes"]
[WhiteFideId "1010697"]
[BlackFideId "1040634"]
[EventDate "2017.01.11"]

1. e4 c5 2. Nf3 d6 3. Bb5+ Nc6 4. O-O Bd7 5. Re1 Nf6 6. h3 Ne5 7. Bxd7+ Nfxd7 8.
Nh2 e6 9. d3 Be7 10. Nd2 Nf6 11. f4 Nc6 12. Ndf3 Qc7 13. c3 O-O-O 14. a3 h6 15.
b4 d5 16. e5 Nh7 17. Be3 g5 18. fxg5 Nxg5 19. Nxg5 hxg5 20. Ng4 Nxe5 21. Nxe5
Qxe5 22. Bd4 Qg3 23. Re3 Qf4 24. Rf3 cxd4 25. Rxf4 gxf4 26. Rc1 Kb8 27. Qg4 dxc3
28. Rxc3 Bd6 29. d4 Rdg8 30. Qe2 Rg5 31. Qb5 Rhg8 32. Rc2 f3 33. g4 Bc7 34. Qd7
Bb6 35. Kf1 f5 36. Qd6+ Ka8 37. Qxe6 Kb8 38. Qd6+ Ka8 39. Qxd5 a6 40. Qd6 R5g6
41. Rc8+ Rxc8 42. Qxg6 Bxd4 43. Ke1 f2+ 44. Ke2 Rc2+ 45. Kd3 f1=Q+ 46. Kxc2 Qc4+
47. Kd2 Qc3+ 48. Ke2 Qe3+ 49. Kd1 f4 50. b5 axb5 51. Qg5 Qd3+ 52. Kc1 Be3+ 53.
Kb2 f3 54. Qd8+ Qxd8 0-1

[Event "PRO League Central 2017"]
[Site "chess.com INT"]
[Date "2017.01.25"]
[Round "3"]
[White "Burg, Twan"]
[Black "Kevlishvili, Robby"]
[Result "1-0"]
[WhiteTitle "GM"]
[BlackTitle "IM"]
[WhiteElo "2508"]
[BlackElo "2417"]
[WhiteTeam "Hamburg Swashbucklers"]
[BlackTeam "Apeldoorn Apes"]
[WhiteFideId "1010697"]
[BlackFideId "1040634"]
[EventDate "2017.01.11"]

1. e4 c5 2. Nf3 d6 3. Bb5+ Nc6 4. O-O Bd7 5. Re1 Nf6 6. h3 a6 7. Bf1 e5 8. c3
Qc7 9. d4 Be7 10. d5 Na7 11. Nbd2 O-O 12. b4 b5 13. bxc5 dxc5 14. c4 Bd6 15. a4
bxa4 16. Nb1 Nc8 17. Nc3 Nb6 18. Bd3 Rfb8 19. Nd2 Ne8 20. Bc2 Bf8 21. Nxa4 Nxa4
22. Bxa4 Bxa4 23. Rxa4 g6 24. Nb3 Rb4 25. Na5 Nd6 26. Ba3 Rxa4 27. Qxa4 Nc8 28.
Nc6 Nb6 29. Qa5 Bd6 30. Rc1 Nd7 31. Qxc7 Bxc7 32. Rb1 Bb6 33. d6 f6 34. Ne7+ Kf7
35. Nd5 Ba5 36. Rb7 Ke6 37. Nc7+ Bxc7 38. dxc7 Kd6 39. Ra7 Rc8 40. Rxa6+ Kxc7
41. Kf1 Rb8 42. Ra7+ Rb7 43. Rxb7+ Kxb7 44. Ke2 Kc6 45. g3 h5 46. f4 h4 47. f5
gxf5 48. exf5 hxg3 49. Kf3 Kd6 50. Kxg3 Ke7 51. Kf3 Kf7 52. Ke4 Nb6 53. Kd3 Nd7
54. Bc1 Ke7 55. Bd2 Kd6 56. h4 Ke7 57. Ba5 Nb8 58. Bb6 Na6 59. Ke4 Kf7 60. Kd5
Kg7 61. Bxc5 Kh6 62. Be7 Kh5 63. Bxf6 Kg4 64. Kxe5 Nc5 65. Be7 Nd3+ 66. Kd4 Nf4
67. f6 Kf5 68. f7 1-0

[Event "PRO League Central 2017"]
[Site "chess.com INT"]
[Date "2017.01.25"]
[Round "3"]
[White "Warmerdam, Max"]
[Black "Feuerstack, Aljoscha"]
[Result "0-1"]
[WhiteTitle "FM"]
[BlackTitle "IM"]
[WhiteElo "2350"]
[BlackElo "2449"]
[WhiteTeam "Apeldoorn Apes"]
[BlackTeam "Hamburg Swashbucklers"]
[WhiteFideId "1048104"]
[BlackFideId "4681932"]
[EventDate "2017.01.11"]

1. e4 c6 2. d4 d5 3. e5 Bf5 4. Nf3 e6 5. Be2 Nd7 6. O-O Bg6 7. Nbd2 Nh6 8. Nb3
Nf5 9. Bd2 Be7 10. g4 Nh6 11. Ne1 Qc7 12. f4 Be4 13. Bd3 c5 14. Bxe4 dxe4 15.
Be3 O-O-O 16. Qe2 f5 17. h3 c4 18. Nd2 Nb6 19. Ng2 Kb8 20. c3 Rc8 21. Rfc1 Nd5
22. g5 Nf7 23. b3 cxb3 24. axb3 Nxc3 25. Qf2 Ba3 26. d5 b6 27. d6 Qc6 28. Rxa3
Ne2+ 29. Kh2 Nxc1 30. Nc4 Nd3 31. Qa2 Nb4 32. Qd2 Nd5 33. Qa2 Qb7 34. Bd4 Nd8
35. d7 Qxd7 36. Nxb6 Nxb6 37. Bxb6 axb6 38. Ne3 Nb7 39. Nc4 Rxc4 40. bxc4 Rd8
41. Kg3 Qd2 42. Ra8+ Kc7 43. Qxd2 Rxd2 44. Rg8 Rd7 0-1

[Event "PRO League Central 2017"]
[Site "chess.com INT"]
[Date "2017.01.25"]
[Round "3"]
[White "Warmerdam, Max"]
[Black "Feuerstack, Aljoscha"]
[Result "0-1"]
[WhiteTitle "FM"]
[BlackTitle "IM"]
[WhiteElo "2350"]
[BlackElo "2449"]
[WhiteTeam "Apeldoorn Apes"]
[BlackTeam "Hamburg Swashbucklers"]
[WhiteFideId "1048104"]
[BlackFideId "4681932"]
[EventDate "2017.01.11"]

1. e4 c5 2. Nf3 e6 3. d4 cxd4 4. Nxd4 a6 5. Nc3 d6 6. Be3 b5 7. Qd2 Bb7 8. f3
Ne7 9. a4 b4 10. Na2 d5 11. Nb3 dxe4 12. Qxd8+ Kxd8 13. Nc5 Nf5 14. Nxb7+ Kc8
15. Bf4 Kxb7 16. fxe4 Nd4 17. O-O-O Nbc6 18. Be3 Bc5 19. Kb1 Rhd8 20. Bd3 Ne5
21. Bxd4 Rxd4 22. Nc1 Rd7 23. Nb3 Be7 24. Na5+ Kc7 25. Nc4 Bf6 26. Nxe5 Bxe5 27.
g3 Rd4 28. Rdf1 f6 29. Rf3 Kb6 30. Ka2 Rc8 31. Kb3 Ka5 32. h3 Rd6 33. g4 Rdc6
34. Rf2 Rc3+ 35. Ka2 b3+ 36. Kb1 bxc2+ 37. Bxc2 Rb8 38. b3 Kb4 39. Ka2 Rbc8 40.
Kb1 Ka3 41. Rd1 R8c7 42. Rd3 Rxd3 43. Bxd3 Kxb3 44. Rc2 Rd7 45. Bc4+ Kxa4 46.
Ra2+ Kb4 47. Bxe6 Rd1+ 48. Kc2 Rd6 49. Bd5 a5 50. Kd3 a4 51. Rc2 a3 52. Rc4+ Kb5
53. Rc2 Ra6 54. Ra2 Kb4 55. h4 Rd6 56. Kc2 Rd8 57. Kd2 Rxd5+ 58. exd5 Kb3 59.
Rc2 a2 60. Rxa2 Kxa2 61. Kd3 Kb3 62. h5 Kb4 63. Ke4 Kc5 64. g5 Kd6 65. h6 g6 66.
gxf6 Bxf6 0-1

[Event "PRO League Central 2017"]
[Site "chess.com INT"]
[Date "2017.01.25"]
[Round "3"]
[White "Warmerdam, Max"]
[Black "Burg, Twan"]
[Result "0-1"]
[WhiteTitle "FM"]
[BlackTitle "GM"]
[WhiteElo "2350"]
[BlackElo "2508"]
[WhiteTeam "Apeldoorn Apes"]
[BlackTeam "Hamburg Swashbucklers"]
[WhiteFideId "1048104"]
[BlackFideId "1010697"]
[EventDate "2017.01.11"]

1. e4 c5 2. Nf3 d6 3. d4 cxd4 4. Nxd4 Nf6 5. Nc3 a6 6. Be3 e5 7. Nb3 Be7 8. f3
Be6 9. Qd2 O-O 10. O-O-O a5 11. a4 Na6 12. g4 Nb4 13. Kb1 Rc8 14. g5 Nh5 15. Rg1
Qc7 16. Qf2 Bd8 17. Qd2 Be7 18. Qf2 Bd8 19. Qd2 d5 20. exd5 Bf5 21. Rc1 Be7 22.
Ne4 Rfd8 23. d6 Bxd6 24. Qf2 Nd5 25. Bd3 Nxe3 26. Qxe3 Bg6 27. Nxd6 Qxd6 28.
Bxg6 hxg6 29. Qa7 b6 30. Rge1 Nf4 31. Re3 Rc4 32. Re4 Rxe4 33. fxe4 Ne6 34. Rf1
Rd7 35. Qa8+ Kh7 36. h4 Qb4 37. Qe8 Re7 38. Qc6 Rc7 39. Qe8 Rxc2 40. h5 Qxe4 41.
hxg6+ fxg6 42. Ka2 Nf4 43. Qd7 Rh2 44. Rc1 Qe2 45. Rb1 Nd3 46. Qb5 Qc2 47. Na1
Nb4+ 48. Qxb4 Qxb1+ 0-1

[Event "PRO League Central 2017"]
[Site "chess.com INT"]
[Date "2017.01.25"]
[Round "3"]
[White "Zhou, Yang-Fan"]
[Black "Agrest, Evgenij"]
[Result "0-1"]
[WhiteTitle "IM"]
[BlackTitle "GM"]
[WhiteElo "2462"]
[BlackElo "2593"]
[WhiteTeam "London Lions"]
[BlackTeam "Stockholm Snowballs"]
[WhiteFideId "468584"]
[BlackFideId "1705024"]
[EventDate "2017.01.11"]

1. e4 c6 2. d4 d5 3. f3 e6 4. Nc3 Bb4 5. Ne2 Ne7 6. Bf4 b6 7. Qd3 O-O 8. O-O-O
Ba6 9. Qe3 Nd7 10. a3 Bxc3 11. Nxc3 Bxf1 12. Rhxf1 a5 13. exd5 Nxd5 14. Nxd5
cxd5 15. Kb1 b5 16. Qd3 Qb6 17. h4 Rfc8 18. h5 Qc6 19. b3 a4 20. b4 Ra6 21. Bc1
Qb7 22. Rf2 Rac6 23. Bb2 Rc4 24. g4 Qc7 25. Rg2 Nf6 26. Rh1 Ne8 27. Rhh2 Nd6 28.
Qe2 Qe7 29. Qe5 R4c6 30. Bc1 Nc4 31. Qe2 Qf6 32. Qd3 Nd6 33. Bb2 Qd8 34. Re2 Qf8
35. Rhg2 Nc4 36. Bc1 Nxa3+ 37. Qxa3 Rc3 38. Qa1 Qxb4+ 39. Qb2 Qc4 40. Qa2 Qxd4
41. Rd2 Qc5 42. Bb2 Rxf3 43. Rd1 Rf2 44. Rxf2 Qxf2 45. Rc1 Qf4 46. Qa3 Qxg4 47.
h6 g6 48. Qe7 Qf4 49. Qd7 Qc7 50. Qxc7 Rxc7 51. Bf6 Kf8 52. Kb2 Ke8 53. c3 Rc4
54. Rf1 Re4 55. Rf2 Kd7 56. Ka3 Kc6 57. Kb2 Rg4 58. Kc2 Kd7 59. Kd3 Kd6 60. Kc2
Re4 61. Kd3 a3 62. Kc2 a2 63. Kb2 Ra4 64. Ka1 e5 65. Bxe5+ Kxe5 66. Rxf7 Ra3 67.
Rxh7 Rxc3 68. Kxa2 Rh3 69. Kb2 Kd4 70. Kc2 b4 71. Rb7 Rxh6 72. Rxb4+ Ke5 73. Kd2
Rh3 74. Ke2 d4 75. Kd2 Ke4 76. Rb8 Rh2+ 77. Ke1 Ke3 78. Re8+ Kd3 79. Rg8 Rg2 80.
Kf1 Rg5 81. Kf2 Rf5+ 82. Ke1 Re5+ 83. Kf2 g5 84. Rd8 Kc3 85. Rc8+ Kd2 86. Ra8
Rf5+ 87. Kg3 d3 88. Kg4 Rd5 89. Ra5 Rxa5 0-1

[Event "PRO League Central 2017"]
[Site "chess.com INT"]
[Date "2017.01.25"]
[Round "3"]
[White "Johannesson, Ingvar Thor"]
[Black "Sorungbe, Ademola"]
[Result "1/2-1/2"]
[WhiteTitle "FM"]
[BlackTitle "CM"]
[WhiteElo "2377"]
[BlackElo "2234"]
[WhiteTeam "Reykjavik Puffins"]
[BlackTeam "Abuja Rockstars"]
[WhiteFideId "2301490"]
[BlackFideId "8500223"]
[EventDate "2017.01.11"]

1. c4 e5 2. g3 Nf6 3. Bg2 c6 4. d4 d6 5. Nc3 Nbd7 6. Nf3 Be7 7. O-O O-O 8. e4
Re8 9. Re1 Bf8 10. h3 exd4 11. Nxd4 a5 12. Be3 Nc5 13. Qc2 Qc7 14. Rad1 g6 15.
Nb3 Nxb3 16. axb3 Be6 17. Qd2 Nd7 18. Bf4 Ne5 19. Kh2 f6 20. Be3 Nf7 21. Rc1 Ne5
22. f4 Nd7 1/2-1/2

[Event "PRO League Central 2017"]
[Site "chess.com INT"]
[Date "2017.01.25"]
[Round "3"]
[White "Diamant, Andre"]
[Black "Fernandez, Daniel Howard"]
[Result "1-0"]
[WhiteTitle "GM"]
[BlackTitle "IM"]
[WhiteElo "2515"]
[BlackElo "2473"]
[WhiteTeam "Stockholm Snowballs"]
[BlackTeam "London Lions"]
[WhiteFideId "2108356"]
[BlackFideId "5801605"]
[EventDate "2017.01.11"]

1. e4 c5 2. Nf3 d6 3. d4 Nf6 4. Nc3 cxd4 5. Nxd4 Qc7 6. Be2 a6 7. O-O Nc6 8. f4
e5 9. Nxc6 bxc6 10. fxe5 dxe5 11. Bc4 Bc5+ 12. Kh1 Be6 13. Bxe6 fxe6 14. Bg5 Be7
15. Qe2 h6 16. Bxf6 Bxf6 17. Qc4 Kf7 18. Na4 Rhe8 19. Nc5 Qb6 20. Nd7 Qb5 21.
Qc3 Rad8 22. a4 Qb7 23. Nxf6 gxf6 24. Qxe5 Qe7 25. Rf3 Rg8 26. Raf1 Rg6 27. Qc3
c5 28. Qc4 Rd4 29. Qxa6 Qd7 30. e5 f5 31. a5 Rd2 32. Rd3 Rxd3 33. Qxd3 Qb7 34.
Qf3 Qb5 35. Rd1 Rg8 36. Qd3 Qxd3 37. cxd3 Ra8 38. Ra1 f4 39. Kg1 Kg6 40. a6 Kf5
41. a7 Kxe5 42. Ra4 Kd5 43. Kf2 e5 44. Kf3 h5 45. h4 c4 46. dxc4+ Kd4 47. c5+
Kxc5 48. Ke4 Kd6 49. Ra6+ Kc7 50. b4 Kc8 51. Kxe5 Kb7 52. b5 Re8+ 53. Kxf4 Ka8
54. b6 Re7 55. Kg5 Rh7 56. Kg6 Re7 57. Kxh5 Re5+ 58. Kg6 Re6+ 59. Kf5 Re7 60. h5
Rh7 61. Kg6 Rb7 62. h6 Rd7 63. h7 Rd6+ 64. Kf5 Rd5+ 65. Ke4 Rd8 66. b7+ Kxb7 67.
a8=Q+ 1-0

[Event "PRO League Central 2017"]
[Site "chess.com INT"]
[Date "2017.01.25"]
[Round "3"]
[White "Diamant, Andre"]
[Black "Zhou, Yang-Fan"]
[Result "0-1"]
[WhiteTitle "GM"]
[BlackTitle "IM"]
[WhiteElo "2515"]
[BlackElo "2462"]
[WhiteTeam "Stockholm Snowballs"]
[BlackTeam "London Lions"]
[WhiteFideId "2108356"]
[BlackFideId "468584"]
[EventDate "2017.01.11"]

1. e4 c5 2. Nf3 d6 3. Bb5+ Bd7 4. Bxd7+ Qxd7 5. c4 g6 6. Nc3 Bg7 7. d4 cxd4 8.
Nxd4 Nf6 9. O-O O-O 10. Bg5 Nc6 11. Nde2 Rfe8 12. Rc1 Rac8 13. b3 Qd8 14. Qd2
Qa5 15. f3 a6 16. Rfd1 b5 17. Nd5 Nxd5 18. cxd5 Nb4 19. Bxe7 Rxc1 20. Rxc1 Qxa2
21. Qxb4 Qxe2 22. Bxd6 Qe3+ 0-1

[Event "PRO League Central 2017"]
[Site "chess.com INT"]
[Date "2017.02.01"]
[Round "4"]
[White "Feuerstack, Aljoscha"]
[Black "Fontaine, Robert"]
[Result "1-0"]
[WhiteTitle "IM"]
[BlackTitle "GM"]
[WhiteElo "2449"]
[BlackElo "2549"]
[WhiteTeam "Hamburg Swashbucklers"]
[BlackTeam "Cannes Blockbusters"]
[WhiteFideId "4681932"]
[BlackFideId "605590"]
[EventDate "2017.01.11"]

1. e4 c6 2. d4 d5 3. e5 c5 4. dxc5 e6 5. a3 Bxc5 6. b4 Bb6 7. Qg4 Kf8 8. Nf3 Nc6
9. Bd3 Nge7 10. Bb2 Nf5 11. Nbd2 h5 12. Qf4 Nce7 13. Qg5 Bd7 14. Rd1 a5 15. O-O
axb4 16. axb4 Nc6 17. b5 Qxg5 18. Nxg5 Nce7 19. c4 Ra2 20. Bc3 Ra3 21. Nb1 Ra4
22. cxd5 exd5 23. Rfe1 Be6 24. Bb2 h4 25. Nc3 Rg4 26. Nxe6+ fxe6 27. h3 Rf4 28.
Rd2 Kf7 29. Ra1 Rc8 30. Ra4 Rd4 31. Rxd4 Bxd4 32. Ne2 Bxb2 33. Rxb2 g5 34. Ra2
Ng6 35. Ra7 Rc7 36. b6 Rd7 37. Ba6 Nxe5 38. Bxb7 Ke7 39. Bc8 Nd6 40. b7 Rxb7 41.
Bxb7 Kf6 42. Ba6 Ne4 43. Nd4 Nc5 44. Be2 Ng6 45. Rc7 Ne4 46. Bd3 Nf4 47. Bxe4
dxe4 48. Rc5 Nd3 49. Rb5 Nf4 50. Kf1 Nd5 51. Rc5 Ke5 52. Ne2 Kd6 53. Rc4 e3 54.
Rg4 exf2 55. Rxg5 Nf6 56. Nc3 e5 57. Rg6 Ke7 58. Kxf2 Kf7 59. Rg5 Ke6 60. Kf3 1-0

[Event "PRO League Central 2017"]
[Site "chess.com INT"]
[Date "2017.02.01"]
[Round "4"]
[White "Astaneh Lopez, Alex"]
[Black "Zwirs, Nico"]
[Result "0-1"]
[WhiteTitle "IM"]
[WhiteElo "2417"]
[BlackElo "2395"]
[WhiteTeam "Dublin Desperados"]
[BlackTeam "Apeldoorn Apes"]
[WhiteFideId "2501430"]
[BlackFideId "1036432"]
[EventDate "2017.01.11"]

1. e4 c5 2. Nf3 d6 3. Bb5+ Nc6 4. O-O Bd7 5. Re1 Nf6 6. h3 a6 7. Bf1 e5 8. c3
Be7 9. d4 cxd4 10. cxd4 exd4 11. Nxd4 O-O 12. Nc3 Re8 13. Bf4 Qb6 14. Nb3 Be6
15. Be3 Qb4 16. Nd5 Bxd5 17. exd5 Ne5 18. Bd2 Qb6 19. Bc3 Bf8 20. Bd4 Qb4 21.
Rc1 Rac8 22. Rxc8 Rxc8 23. Bxe5 dxe5 24. Rxe5 Bd6 25. Rf5 Qe4 26. Bd3 Qa4 27.
Bb1 Re8 28. g3 Qb4 29. Kg2 Re1 30. Qd3 h5 31. a3 Qb6 32. Bc2 h4 33. gxh4 Bc7 34.
Nd2 Qd6 35. Nf3 Re8 36. h5 Ne4 37. Qe3 Bb6 38. Nd4 Nf6 39. Rxf6 Qxd5+ 40. Qf3
Qg5+ 41. Kf1 Qxf6 42. Qxf6 gxf6 43. Nf5 Rd8 44. Ke2 Bxf2 45. Be4 Bd4 46. b3 b6
47. Bb7 Bc5 48. b4 Bf8 49. Bxa6 Ra8 50. b5 Bxa3 51. Nh6+ Kg7 52. Nf5+ Kf8 53.
Kf3 Rd8 54. h6 Kg8 55. Bb7 Rd3+ 56. Kg4 Bf8 57. Be4 Rb3 58. Bc6 Rb4+ 59. Kf3 Kh7
60. Be8 Bxh6 61. Nd6 Bf4 62. Nxf7 Kg7 63. Nd8 Kf8 64. Bd7 Be5 65. Bc6 Ke7 66.
Nb7 Rb3+ 67. Kg4 Rg3+ 68. Kh4 f5 69. Bd5 f4 0-1

[Event "PRO League Central 2017"]
[Site "chess.com INT"]
[Date "2017.02.01"]
[Round "4"]
[White "Astaneh Lopez, Alex"]
[Black "Beerdsen, Thomas"]
[Result "1-0"]
[WhiteTitle "IM"]
[BlackTitle "FM"]
[WhiteElo "2417"]
[BlackElo "2413"]
[WhiteTeam "Dublin Desperados"]
[BlackTeam "Apeldoorn Apes"]
[WhiteFideId "2501430"]
[BlackFideId "1030108"]
[EventDate "2017.01.11"]

1. d4 Nf6 2. Nf3 e6 3. c4 Bb4+ 4. Nbd2 O-O 5. a3 Be7 6. e4 d5 7. e5 Nfd7 8. cxd5
exd5 9. Bd3 c5 10. O-O Nc6 11. Re1 cxd4 12. Nb3 Re8 13. h3 Qb6 14. e6 fxe6 15.
Rxe6 Nf6 16. Re2 Ne4 17. Bc2 Bf6 18. Bg5 Bf5 19. Bxf6 gxf6 20. Nbxd4 Nxd4 21.
Qxd4 Qxd4 22. Nxd4 Bg6 23. Rae1 Nd6 24. Bb3 Bf7 25. f3 Rxe2 26. Rxe2 a5 27. Kf2
a4 28. Ba2 Ra6 29. Nc2 Rb6 30. Nb4 d4 31. Bxf7+ Kxf7 32. Rc2 Kg6 33. Ke2 Nf5 34.
g4 Ne3 35. Rc7 Re6 36. Kd3 Nd1 37. Nd5 Nf2+ 38. Kxd4 Nxh3 39. Rxb7 Re2 40. Rb5
Rh2 41. Ke3 Ng1 42. Nf4+ Kf7 43. Rb7+ Ke8 44. Rb4 Kd7 45. Nd5 Re2+ 46. Kd3 Re6
47. Nf4 Rd6+ 48. Ke3 Rd1 49. Rxa4 Rb1 50. Rb4 Kc6 51. Kf2 Kc5 52. Nd3+ Kd5 53.
Nf4+ Kc5 54. Kg2 Kd6 55. b3 f5 56. gxf5 Ke5 57. a4 Kxf5 58. a5 Ra1 59. Ra4 Rb1
60. a6 1-0

[Event "PRO League Central 2017"]
[Site "chess.com INT"]
[Date "2017.02.01"]
[Round "4"]
[White "Thorfinnsson, Bragi"]
[Black "Rendle, Thomas E"]
[Result "1/2-1/2"]
[WhiteTitle "IM"]
[BlackTitle "IM"]
[WhiteElo "2453"]
[BlackElo "2356"]
[WhiteTeam "Reykjavik Puffins"]
[BlackTeam "London Towers"]
[WhiteFideId "2300958"]
[BlackFideId "408760"]
[EventDate "2017.01.11"]

1. b3 f5 2. Bb2 Nf6 3. Bxf6 exf6 4. c4 d5 5. cxd5 Qxd5 6. Nc3 Qa5 7. g3 Bd6 8.
Bg2 O-O 9. a3 c6 10. b4 Qe5 11. e3 Qe7 12. Nge2 Nd7 13. d4 Nb6 14. O-O Be6 15.
Qc2 g6 16. Rfb1 a6 17. Nc1 Bf7 18. Nd3 Nc4 19. Nc5 Rfc8 20. a4 a5 21. bxa5 Nxa5
22. Ne2 Bc4 23. Nxb7 Bd5 24. Nxd6 Qxd6 25. Nf4 Bxg2 26. Kxg2 c5 27. dxc5 Rxc5
28. Qa2+ Kh8 29. h4 Rac8 30. Rd1 Qc6+ 31. Kg1 Nc4 32. Nd3 Rd5 33. Rac1 Rd7 34.
Nb4 Rxd1+ 35. Rxd1 Qb7 36. Nd5 Ne5 37. a5 Ra8 38. Qa3 Kg7 39. Qd6 Ra6 40. Qd8
Nf7 41. Qc7 Qb5 42. Qc8 Rd6 43. Qa8 Ra6 44. Qc8 1/2-1/2

[Event "PRO League Central 2017"]
[Site "chess.com INT"]
[Date "2017.02.01"]
[Round "4"]
[White "Thorfinnsson, Bragi"]
[Black "Jones, Gawain C B"]
[Result "1/2-1/2"]
[WhiteTitle "IM"]
[BlackTitle "GM"]
[WhiteElo "2453"]
[BlackElo "2665"]
[WhiteTeam "Reykjavik Puffins"]
[BlackTeam "London Towers"]
[WhiteFideId "2300958"]
[BlackFideId "409561"]
[EventDate "2017.01.11"]

1. b3 e5 2. Bb2 Nc6 3. e3 g6 4. f4 d6 5. Nf3 Bg7 6. Bb5 Nh6 7. O-O O-O 8. Bxc6
bxc6 9. fxe5 Ng4 10. Qc1 Nxe5 11. Nxe5 dxe5 12. Na3 Qg5 13. Nc4 Be6 14. d3 Qh5
15. Qe1 Rfe8 16. Nd2 f5 17. e4 f4 18. Nf3 Bg4 19. Qa5 Re7 20. Qc5 Re6 21. Qc4
Re8 22. d4 exd4 23. Nxd4 g5 24. Rab1 Bxd4+ 25. Qxd4 Qg6 26. Qxa7 Rxe4 27. Qxc7
R4e7 28. Qa5 Re2 29. Rbe1 f3 30. gxf3 Rxe1 31. Rxe1 Rxe1+ 32. Qxe1 Bxf3 33. Qe7
g4 34. Be5 h5 35. a4 h4 36. a5 g3 37. hxg3 hxg3 38. a6 c5 39. a7 c4 40. Qd8+ Kf7
41. Qc7+ Ke6 42. Qb6+ Kf5 43. Qe3 Qg4 44. bxc4 Be4 45. Bxg3 Qd1+ 46. Qe1 Qxc2
47. Qf2+ Qxf2+ 48. Kxf2 Ke6 49. Ke3 Ba8 50. Kd4 Kd7 51. Kc5 Bb7 52. Kb6 Ba8 53.
c5 Bc6 54. Bd6 Ba8 55. Bb8 Bc6 56. Bh2 Ba8 1/2-1/2

[Event "PRO League Central 2017"]
[Site "chess.com INT"]
[Date "2017.02.01"]
[Round "4"]
[White "Juhasz, Barbara"]
[Black "Movsesian, Sergei"]
[Result "1/2-1/2"]
[WhiteTitle "WFM"]
[BlackTitle "GM"]
[WhiteElo "2179"]
[BlackElo "2679"]
[WhiteTeam "Budapest Gambit"]
[BlackTeam "London Lions"]
[WhiteFideId "743585"]
[BlackFideId "310204"]
[EventDate "2017.01.11"]

1. e4 c5 2. Nf3 e6 3. g3 Nc6 4. Bg2 Nf6 5. d3 d5 6. Nbd2 Be7 7. O-O O-O 8. Re1
a5 9. e5 Nd7 10. Nf1 a4 11. a3 b5 12. h4 f6 13. exf6 Nxf6 14. Bf4 Bd6 15. Ne5
Qc7 16. Nxc6 Bxf4 17. gxf4 Qxc6 18. Ng3 Qd6 19. Qd2 Ng4 20. f5 exf5 21. d4 Bb7
22. dxc5 Qxc5 23. Qf4 Rac8 24. c3 Rf7 25. Rad1 g6 26. Ne2 Qe7 27. Qg3 Re8 28.
Bf1 Nf6 29. Nd4 Qxe1 30. Rxe1 Rxe1 31. Qb8+ Re8 32. Qd6 Re1 33. Qb8+ Kg7 34. Kg2
f4 35. Qxf4 Nh5 36. Qb8 Nf4+ 37. Kg1 Nh3+ 38. Kh2 Nxf2 39. Be2 Ne4 40. Qe5+ Kh6
41. Bf3 Bc8 42. Qxd5 Rf4 43. Qd8 Bg4 44. Bxe4 Rexe4 45. Qg5+ Kg7 46. h5 Bf5 47.
h6+ Kf7 48. Qd8 Rh4+ 49. Kg2 Reg4+ 50. Kf2 Rh2+ 51. Kf3 Rh3+ 52. Kf2 Rh2+ 53.
Kf3 Rgg2 54. Qc7+ Kf6 55. Qd8+ Kf7 56. Qc7+ Kf6 57. Qd8+ Kf7 58. Qc7+ Kf6 1/2-1/2

[Event "PRO League Central 2017"]
[Site "chess.com INT"]
[Date "2017.02.01"]
[Round "4"]
[White "O'Donnell, Conor"]
[Black "Van de Oudeweetering, Arthur"]
[Result "1/2-1/2"]
[WhiteTitle "FM"]
[BlackTitle "IM"]
[WhiteElo "2342"]
[BlackElo "2298"]
[WhiteTeam "Dublin Desperados"]
[BlackTeam "Apeldoorn Apes"]
[WhiteFideId "2504243"]
[BlackFideId "1000551"]
[EventDate "2017.01.11"]

1. d4 d5 2. c4 c6 3. cxd5 cxd5 4. Bf4 Nc6 5. e3 Nf6 6. Nc3 Bf5 7. Qb3 Na5 8.
Qa4+ Bd7 9. Qc2 e6 10. Bd3 Be7 11. Nf3 Rc8 12. Ne5 Nc4 13. O-O O-O 14. Rac1 b5
15. Qe2 a6 16. a4 b4 17. Nb1 Bxa4 18. Nxc4 dxc4 19. Bxc4 a5 20. Nd2 Qd7 21. Ra1
Ra8 22. Nf3 Rfc8 23. Ne5 Qe8 24. b3 Bc6 25. Nxc6 Qxc6 26. Rfc1 Nd5 27. Qf3 Nxf4
28. Qxf4 Bf6 29. Ra4 Qb6 30. Rca1 Re8 31. Qe4 Ra7 32. h4 g6 33. h5 Bg7 34. hxg6
hxg6 35. f4 Kf8 36. Kf2 Ke7 37. Rh1 Rh8 38. Rxh8 Bxh8 39. d5 Bc3 40. g4 Rd7 41.
dxe6 Rd2+ 42. Kf3 fxe6 43. f5 gxf5 44. gxf5 e5 45. Qh4+ Kd7 46. Be6+ Kc7 47.
Qe7+ Kb8 48. Qe8+ Rd8 49. Qg6 Rd3 50. Qg8+ Rd8 51. Qg3 Rd3 52. Qg8+ Rd8 53. Qg5
Rd2 54. Qg8+ Rd8 55. Qg5 Rd2 56. Qg8+ Rd8 57. Qg5 Rd2 58. Qg8+ 1/2-1/2